LEADER 01556nam a2200313 a 4500 001 000000132290 003 CaOOAMICUS 005 20130111102949.0 008 130111s2012 gw a u001 u ger r 020 $a978-3-16-150794-6 040 $aPUL$bita 041 0 $ager$aeng 245 00$aJudasevangelium und Codex Tchacos :$bstudien zur religionsgeschichtlichen verortung einer gnostischen Schriftensammlung /$cherausgegeben von Enno Edzard Popkes und Gregor Wurst. 260 $aTübingen :$bMohr Siebeck,$c©2012. 300 $aVIII, 365 p. :$bill. ;$c24 cm. 490 1 $aWissenschaftliche Untersuchungen zum Neuen Testament ;$v297 504 $aInclude riferimenti bibliografici in nota e indici. 546 $aContributi in tedesco e inglese. 630 04$aApocrypha$pN.T.$pEvangelium Iudae.$0(OLS)http://pul/subject/33215 700 1 $aPopkes, Enno Edzard.$0(OLS)http://pul/name/59303 700 1 $aWurst, Gregor.$0(OLS)http://pul/name/5676 830 0$aWissenschaftliche Untersuchungen zum Neuen Testament ;$v297.$0(OLS)http://pul/title/8628 850 $aPUL 852 $aPUL$W1$xSL Religione 1$y3$m16 H 297$j152240$qStampati$B151593$CPULBib$Z2$F151593 $H121433 $82 941 1 $a8 996 $6020$a978-3-16-150794-6$9(OLS)http://pul/number/151463 996 $6245$aJudasevangelium und Codex Tchacos :$bstudien zur religionsgeschichtlichen verortung einer gnostischen Schriftensammlung$9(OLS)http://pul/title/167119 996 $6260$aTübingen :$bMohr Siebeck$9(OLS)http://pul/publisher/52004 LEADER 01503nam a2200349 a 4500 001 000000153291 003 CaOOAMICUS 005 20160725125101.0 008 160725s2016 it u000 u ita r 020 $a978-88-372-2776-0* 032 $aLibriCat 040 $aPUL$bita 041 1 $aita$hfre 082 04$a103 100 1 $aMaritain, Jacques,$d1882-1973.$0(OLS)http://pul/name/868 245 10$aContro l'antisemitismo :$bdignità della persona, mistero di Israele, sionismo /$cJacques Maritain ; a cura di Daniele Lorenzini. 260 $aBrescia :$bMorcelliana,$c©2016. 300 $a276 p. ;$c22 cm. 490 1 $aFilosofia. Testi e Studi ;$v73 504 $aBibliografia nelle note. 650 4$aSionismo.$0(OLS)http://pul/subject/20650 650 4$aAntisemitismo.$0(OLS)http://pul/subject/17285 700 1 $aLorenzini, Daniele.$0(OLS)http://pul/name/82483 830 0$aFilosofia (Morcelliana)$pTesti e Studi ;$v73.$0(OLS)http://pul/title/148210 850 $aPUL 852 $aPUL$W1$xSL Filosofia 3$y81$m103 COLL 12.1.73$j176511$qDDC 21$B178994$CPULBib$Z2$F178994 $H128040 $81 941 1 $a9 996 $6020$a978-88-372-2776-0*$9(OLS)http://pul/number/160776 996 $6082$a103$9(OLS)http://pul/classification/621 996 $6245$aContro l'antisemitismo :$bdignità della persona, mistero di Israele, sionismo$9(OLS)http://pul/title/192726 996 $6260$aBrescia :$bMorcelliana$9(OLS)http://pul/publisher/47854 LEADER 01067nam a2200265 u 4500 001 000000106604 003 CaOOAMICUS 005 20070903120205.0 008 070903s1997 fr u000 u fre u 020 $a2-204-05644-8 040 $aPUL$bita$dPG 245 03$aLa loi dans l'un et l'autre testament /$csous la direction de Camille Focant. 260 $aParis :$bLes Éditions du Cerf,$c1997. 300 $a323 p. ;$c23 cm. 490 1 $aLectio divina ;$v168 630 04$aBiblia.$0(OLS)http://pul/subject/2876 700 1 $aFocant, Camille,$d1946-$0(OLS)http://pul/name/5917 830 0$aLectio divina ;$v168.$0(OLS)http://pul/title/3461 850 $aPUL 852 $aPUL$W1$xSL Religione 1$y3$m9 I 168$j120537$qStampati$B119784$CPULBib$Z2$F119784 $H79181 $82 941 1 $a8 960 $aBibbia$92876 996 $6020$a2-204-05644-8$9(OLS)http://pul/number/135367 996 $6245$aLa loi dans l'un et l'autre testament$9(OLS)http://pul/title/134229 996 $6260$aParis :$bLes Éditions du Cerf$9(OLS)http://pul/publisher/47861